Studium přenosuschopnosti PAV kmene viru žluté zakrslosti ječmene (Barley yellow dwarf virus-BYDV) mšicí zhoubnou (Diuraphis noxia)

Bibliographic Details
Main Author: Širlová, Lenka (Author)
Format: Article
Language:Czech
ISBN:8080692351

MARC

LEADER 00000naa a2200000uu 4500
001 vtls011085439
003 SK-MaSNL
005 20260302105201.0
008 220810|2003 xo |||||||||||||||||cze|
015 |a SNBRA 
035 |a (urnnbn)urn:nbn:sk:snk:ar-a0cm0h 
035 |a (uuid)6eb2d043-b85a-41de-bc4f-b1afda4b233d 
035 |a urn:nbn:sk:snk-aavrw8 
040 |a SNKBUCL  |b slo  |c SNKBUCL  |e AACR2 
041 0 |a cze 
044 |a xo  |c SK 
100 1 |a Širlová, Lenka  |4 aut  |9 783475 
245 1 0 |a Studium přenosuschopnosti PAV kmene viru žluté zakrslosti ječmene (Barley yellow dwarf virus-BYDV) mšicí zhoubnou (Diuraphis noxia)  |c Lenka ŠIRLOVÁ 
246 3 |a Study on the transmissibility of Barley yellow dvarf virus, PA V strain by the Russian wheat aphid (Diuraphis noxia) 
773 0 |t XVI. slovenská a česká konferencia o ochrane rastlín  |d V Nitre : Slovenská poľnohospodárska univerzita, 2003  |g S. 38-39  |z 8080692351 
954 |a odborná, vedecká literatúra cudzojazyčná (svetová)  |2 lita 
958 |a OND 
958 |a article12 
958 |a chapter 
999 |c 1237707  |d 1239637